000 01395cam a22002891i 4500
003 SA-RiAUC
005 20241116103106.0
008 241114s1980 su g 00000 ara c
040 _aSA-JeALM
_bara
_cSA-RiAUC
_erda
082 0 4 _a258.2
090 _a258.2
_bا ب ن ع
100 1 _aابن عبد البر، يوسف بن عبد الله بن محمد،
_d368-463 هجري
_eمؤلف.
245 1 0 _aكتاب الكافي في فقه أهل المدينة المالكي /
_cتأليف أبي عمر يوسف بن عبد الله بن محمد بن عبد البر النمري القرطبي ؛ تحقيق وتقديم وتعليق محمد محمد أحيد ولد ماديك الموريتاني.
246 3 0 _aالكافي في فقه أهل المدينة المالكي
250 _aالطبعة الثانية.
264 1 _aالرياض :
_bمكتبة الرياض الحديثة،
_c1980
300 _a2 مجلد ؛
_c24 سم
336 _aنص
_btxt
_2rdacontent
_3كتاب
337 _aبدون وسيط
_bn
_2rdamedia
338 _aمجلد
_bnc
_2rdacarrier
650 7 _aالفقه المالكي
_2aucsh
650 7 _aالفقه الإسلامي
_xمذاهب
_2aucsh
700 1 _aولد ماديك، محمد بن محمد أحيد
_eمحقق.
942 _2ddc
_cBOOK
_n0
949 _aSA-JeALM
_d241114
_umohamedma123
_n1
999 _c2399
_d2399